Libro verde sobre la investigacin̤ criminal

Bibliographic Details
Main Author: Villegas Fernǹdez, Jess︢ Manuel
Format: eBook
Language:Spanish
Published: Madrid: Dykinson, 2020
Subjects:
Online Access:Acceso restringido

MARC

LEADER 00000nam a22000007a 4500
005 2022062007407.0
007 cr|||| ||||
008 220620s2020 es |||||s|||| 00||0 spa d
020 |a 978-84-1377-099-4 
035 |a 35761 
040 |a vLex 
090 |c 13428  |d 13428 
100 1 |a Villegas Fernǹdez, Jess︢ Manuel 
245 1 0 |a Libro verde sobre la investigacin̤ criminal  |h [Recurso electrn̤ico] /  |c Jess︢ Manuel Villegas Fernǹdez 
256 |a Servicio en ln̕ea 
260 |a Madrid:  |b Dykinson,  |c 2020 
300 |a 1 recurso electrn̤ico 
500 |a …completo anl̀isis estructurado en varios bloques temt̀icos. El primero es un anl̀isis del argumentario sobre la figura del juez instructor, con sus pros y contras. Luego se ofrece una completa propuesta de reforma de nuestro proceso penal superadora de la cls̀ica contraposicin̤ entre jueces y fiscales. Los siguientes analizan los anteproyectos non nati de Cd̤igo Procesal Penal hechos pb︢licos durante el l︢timo decenio por Gobiernos de uno y otro signo. A la fecha de la aparicin̤ de esta obra el Gobierno ha anunciado el lanzamiento de un nuevo Anteproyecto cuyo texto no est ̀todava̕ disponible, por lo que ninguna mencin̤ se har ̀a su contenido. Eso s,̕ sabemos que encomendar ̀la investigacin̤ al Ministerio Pb︢lico. De ah ̕que este Libro Verde ofrezca instrumentos intelectuales para el anl̀isis jurd̕ico de la iniciativa… 
506 1 |a Disponible solo en los productos indicados  |d vLex Global  |d vLex Global (Academic Edition, excluding Law Schools)  |d vLex Global (U.S. Academic Edition, Law Schools)  |d vLex Global (U.S. Academic Edition, excluding Law Schools)  |d vLex Global (Academic Edition, Law Schools) 
650 0 4 |a Derecho Penal  |z Espaą 
740 0 |a vLex Libros (Servicio en ln̕ea) 
856 4 0 |u https://app.vlex.com/#/sources/35761  |z Acceso restringido 
942 |c BOOK 
999 0 |a Criminal law